000 005560000a22002170004500
003 LK-CoMWRAF
005 20231023211107.0
008 230817t ||||| |||| 00| 0 eng d
020 _a8172311524
040 _aLK-CoMWRAF
_dLK-CoMWRAF
_eLK-CoMWRAF
041 _aeng
082 _a297.64
_bFID
100 _aFidai, Rafi Ahmad
245 _aHazrat Abu Bakr Siddiq :
_bThe first caliph of Islam
260 _aNew Delhi :
_bAbdul Naeem,
_c2001
300 _a32p
490 _aBook 02
650 _aIslam
650 _aHazrat Abu Bakr Siddiq
942 _cBK
999 _c984
_d984